Electrotecnia: fundamentos teóricos y prácticos

Guardat en:
Dades bibliogràfiques
Autors principals: Guerrero Fernández, Alberto (Autor), Sánchez Tejedo, Orto (Autor), Moreno Sánchez, José Alberto (Autor), Ortega Megía, Antonio (Autor)
Format: Llibre
Idioma:espanyol
Publicat: Madrid McGraw-Hill 1994
Matèries:
Etiquetes: Afegir etiqueta
Sense etiquetes, Sigues el primer a etiquetar aquest registre!

MARC

LEADER 00000nam a2200000 a 4500
001 UCM6737
003 CL-VaPUC
008 021122e19940000SP |||||||||||||||||spa|d
082 0 4 |a 621.3  |b GUE  |2 21 
100 |a Guerrero Fernández, Alberto  |e author  |9 487110 
700 0 |a Sánchez Tejedo, Orto  |e author  |9 472542 
700 0 |a Moreno Sánchez, José Alberto  |e author  |9 472543 
700 |a Ortega Megía, Antonio  |e author  |9 472544 
245 1 0 |a Electrotecnia: fundamentos teóricos y prácticos 
300 |a 442 p 
942 |c BK 
945 |d 20021122 00:00:00  |a cmena 
260 |a Madrid  |b McGraw-Hill  |c 1994 
650 0 |a Electricidad  |9 260222 
650 0 |a Electromagnetismo   |9 260123 
650 0 |a Circuitos eléctricos   |9 260262 
650 0 |a Circuitos electrónicos  |9 260204 
650 0 |a Máquinas eléctricas  |9 260079 
583 |a last modification  |c 20021122 00:00:00  |k Rodrigo Vera 
999 |c 301965  |d 301963 
952 |0 0  |1 0  |2 ddc  |4 0  |6 621_300000000000000_GUE_1994  |7 0  |8 A  |9 361899  |a BIBING  |b BIBING  |c RES  |d 2019-11-21  |i 3855848  |o 621.3 GUE 1994  |p 3855848  |r 2025-01-20  |w 2019-11-21  |y BK  |k EIE